1291 1265 1209 1869 1097 1457 1399 1097 1441 1545 1041 1570 1143 1643 1949 1130 1437 1061 1489 1568 1278 1387 1393 1331 1232 1057 1584 1381 1859 1768 1544 1048 1294 1628 1039 1369 1221 1995 1240 1449 1201 1747 1133 1512 1152 1800 1178 1677 1958 1255 1500 1314 1381 1336 1635 1094 1291 1620 1969 1417 1412 1817 1064 1062 1798 1019 1943 1019 1643 1945 1141 1113 1879 1858 1866 1969 1491 1869 1280 1578 1248 1376 1931 1514 1752 1852 1497 1325 1699 1223 1457 1843 1979 1505 1642 1336 1680 1081 1108 BCNSPRNW ULIB Ver.6.0+V

เปลี่ยนเป็นภาษาไทย

Change to English
 แสดงรายละเอียดบรรณานุกรม
  กลับหน้าหลัก

Brief Record : Get Marc (ISO 2709) : E-mail record : QR code < ปิดหน้าต่าง
LEADER : 00000nam 2200000uu 4500
001    13399121913
003     ULIB
008    121213s2546||||th 000 0 tha d
020    ^a9741315694
060 04 ^aWO100^bช495ต 2546
245 00 ^aตำราศัลยศาสตร์ /^cบรรณาธิการ, ชาญวิทย์ ตันติ์พิพัฒน์, ธนิตวัชรพุกก์
250    ^aพิมพ์ครั้งที่ 7
260    ^aกรุงเทพฯ :^bสำนักพิมพ์แห่งจุฬาลงกรณ์มหาวิทยาลัย,^c2546
300    ^a966 หน้า :^bภาพประกอบ ;^c26ซม.
650  7 ^aศัลยศาสตร์
700 0  ^aชาญวิทย์ ตันติ์พิพัฒน์,^eบรรณาธิการ
700 0  ^aธนิต วัชรหพุกก์,^eบรรณาธิการ
945    ^p600^l0^i13403
945    ^p600^l0^i13404
945    ^p600^l0^i13405
945    ^p600^l0^i13406
945    ^p600^l0^i13408
945    ^p600^l0^i13410
945    ^p600^l0^i13411
995    ^aทศพร
999    ^aทศพร เกษรทอง
รายการนี้ยังไม่มีแท็ก
คุณยังไม่ได้ล็อกอิน คุณสามารถมีกิจกรรมร่วมกับเว็บไซต์ได้ แต่ต้องล็อกอินก่อน ::
  ล็อกอิน

รายการสื่อสารสนเทศ

ลำดับที่ ประเภท เลขเรียก/บาร์โค้ด สถานที่ สถานะ
1. วิทยาศาสตร์การแพทย์ และสุขภาพ
วิทยาศาสตร์การแพทย์ และสุขภาพ
WO100 ช495ต 2546 ฉ.10 
  Barcode: 13411
ห้องสมุดวิทยาเขตสวรรค์ประชารักษ์
►หนังสือทั่วไป
บนชั้น
2. วิทยาศาสตร์การแพทย์ และสุขภาพ
วิทยาศาสตร์การแพทย์ และสุขภาพ
WO100 ช495ต 2546 ฉ.2 
  Barcode: 13403
ห้องสมุดวิทยาเขตสวรรค์ประชารักษ์
►หนังสือทั่วไป
บนชั้น
3. วิทยาศาสตร์การแพทย์ และสุขภาพ
วิทยาศาสตร์การแพทย์ และสุขภาพ
WO100 ช495ต 2546 ฉ.3 
  Barcode: 13404
ห้องสมุดวิทยาเขตสวรรค์ประชารักษ์
►หนังสือทั่วไป
บนชั้น
4. วิทยาศาสตร์การแพทย์ และสุขภาพ
วิทยาศาสตร์การแพทย์ และสุขภาพ
WO100 ช495ต 2546 ฉ.4 
  Barcode: 13405
ห้องสมุดวิทยาเขตสวรรค์ประชารักษ์
►หนังสือทั่วไป
บนชั้น
5. วิทยาศาสตร์การแพทย์ และสุขภาพ
วิทยาศาสตร์การแพทย์ และสุขภาพ
WO100 ช495ต 2546 ฉ.5 
  Barcode: 13406
ห้องสมุดวิทยาเขตสวรรค์ประชารักษ์
►หนังสือทั่วไป
บนชั้น
6. วิทยาศาสตร์การแพทย์ และสุขภาพ
วิทยาศาสตร์การแพทย์ และสุขภาพ
WO100 ช495ต 2546 ฉ.7 
  Barcode: 13408
ห้องสมุดวิทยาเขตสวรรค์ประชารักษ์
►หนังสือทั่วไป
บนชั้น
7. วิทยาศาสตร์การแพทย์ และสุขภาพ
วิทยาศาสตร์การแพทย์ และสุขภาพ
WO100 ช495ต 2546 ฉ.9 
  Barcode: 13410
ห้องสมุดวิทยาเขตสวรรค์ประชารักษ์
►หนังสือทั่วไป
บนชั้น

รายการใกล้เคียง
    หัวเรื่อง [ศัลยศาสตร์]

BibComment


ยังไม่เคยถูกคอมเมนท์

คอมเมนท์ทรัพยากรรายการนี้
  คอมเมนท์: ตำราศัลยศาสตร์ ..


 Copyright 2026. Bcnsprnw @Library